00503nam a2200193Ia 4500003000400000005001700004008004100021020002200062040000700084041000800091082001800099100002000117245004800137260004700185300001800232365001600250650002700266650001600293OSt20230509134342.0210423s2009 xx 000 0 und d a978-0-521-13312-8 cAL aeng a512.9434 BLOL aBLOWER (Gordon) aRandom matrices: high dimensional phenomena aNew YorkbCambridge University Pressc2009 aviii, 437bPB b5446.8cWIP aFoundations of Algebra aMathematics